Historia y sentido: estudios de teología de la historia
Guardat en:
| Autor principal: | |
|---|---|
| Format: | Llibre |
| Idioma: | espanyol |
| Publicat: |
Madrid
Rialp
1997
|
| Col·lecció: | Colección Cuestiones Fundamentales
|
| Matèries: | |
| Etiquetes: |
Afegir etiqueta
Sense etiquetes, Sigues el primer a etiquetar aquest registre!
|
MARC
| LEADER | 00000nam a2200000 a 4500 | ||
|---|---|---|---|
| 001 | UCM4051 | ||
| 003 | CL-VaPUC | ||
| 008 | 020726e19970000SP |||||||||||||||||spa|d | ||
| 082 | 0 | 4 | |a 231.76 |b ILL |2 21 |
| 100 | |a Illanes Maestre, José Luis |e autor |9 321685 | ||
| 245 | 1 | 0 | |a Historia y sentido: estudios de teología de la historia |
| 300 | |a 349 p | ||
| 942 | |c BK | ||
| 945 | |d 20020726 00:00:00 |a cmena | ||
| 260 | |a Madrid |b Rialp |c 1997 | ||
| 650 | 0 | |a Teología |9 258766 | |
| 650 | 0 | |a Cristianismo |9 257361 | |
| 650 | 0 | |a Historia |9 255047 | |
| 650 | 0 | |a Filosofía cristiana |9 265980 | |
| 583 | |a last modification |c 20020726 00:00:00 |k Rodrigo Vera | ||
| 490 | 0 | |a Colección Cuestiones Fundamentales | |
| 999 | |c 300964 |d 300962 | ||
| 952 | |0 0 |1 0 |4 0 |6 231_760000000000000_ILL_1997 |7 0 |8 A |9 359445 |a BIBEDU |b BIBEDU |d 2019-11-21 |i 3831256 |l 4 |m 2 |o 231.76 ILL 1997 |p 3831256 |q 2024-08-02 |r 2024-07-03 |s 2024-07-03 |w 2019-11-21 |y BK |k FIL | ||